000 00541nam a2200205Ia 4500
005 20250326142306.0
008 250326s9999 xx 000 0 und d
020 _a81-7014-402-7
037 _aTextbook
040 _aFMSL
_beng
_cFMSL
041 _aeng
_2eng
084 _aB28 N1;1
_qFMSL
100 _aGupta S P
245 0 _aElementary statistical methods
_cGupta S P
250 _a13
260 _aNew Delhi
_bNew Delhi, Sahitya Bhawan
_c2002
300 _a790p
942 _cTB
_hB28 N1;1
999 _c1294328
_d1294328